书目信息 |
| 题名: |
我亲历的那次历史转折:十一届三中全会的台前幕后
|
|
| 作者: | 于光远 著 | |
| 分册: | ||
| 出版信息: | 北京 中央编译出版社 1998.11 |
|
| 页数: | 384页 | |
| 开本: | 32开 | |
| 丛书名: | ||
| 单 册: | ||
| 中图分类: | D220-53 | |
| 科图分类: | ||
| 主题词: | 中国共产党 | |
| 电子资源: | ||
| ISBN: | 7-80109-303-8 | |
| 000 | 00635nam0 2200193 45 | |
| 001 | 0010251720 | |
| 005 | 20001025171206.1 | |
| 010 | @a7-80109-303-8@d22.00元 | |
| 100 | @a20001025d1998 km y0chiy0120 ea | |
| 101 | 0 | @achi |
| 105 | @a z 000yy | |
| 200 | 1 | @a我亲历的那次历史转折:十一届三中全会的台前幕后@AWo Qin Li De Na Ci Li Shi Zhuan Zhe:Shi Yi Jie San Zhong Quan Hui De Tai Qian Mu Hou@f于光远著@FYu Guang Yuan Zhu |
| 210 | @a北京@c中央编译出版社@d1998.11 | |
| 215 | @a384页@d32开 | |
| 606 | 0 | @a中国共产党 |
| 690 | @aD220-53@v3 | |
| 701 | 0 | @a于光远@4著 |
| 801 | @aCN@bPftUser@c20001025 | |
| 905 | @b188544-548@dD220-53@eY913@f5 | |
| 我亲历的那次历史转折:十一届三中全会的台前幕后/于光远著.-北京:中央编译出版社,1998.11 |
| 384页;32开 |
| ISBN 7-80109-303-8:22.00元 |
| ● |
| 相关链接 |
|
|
|
正题名:我亲历的那次历史转折:十一届三中全会的台
索取号:D220-53/Y913
 
预约/预借
| 序号 | 登录号 | 条形码 | 馆藏地/架位号 | 状态 | 备注 |
| 1 | 188544 | 201885442 | 社科库509/509社科库 68排7列6层/ [索取号:D220-53/Y913] | 在馆 | |
| 2 | 188545 | 201885451 | 社科库509/509社科库 68排7列6层/ [索取号:D220-53/Y913] | 在馆 | |
| 3 | 188547 | 201885479 | 法学院资料室/ [索取号:D220-53/Y913] | 在馆 | |
| 4 | 188548 | 201885488 | 社科库509/509社科库 68排7列6层/ [索取号:D220-53/Y913] | 在馆 |